00503nam a2200193 a 4500001001300000003000900013005001700022008004100039020000900080082001700089100001700106245003500123260004200158300000900200500003500209505001000244650003800254700001700292nice12345678IN_TiNIC20260116012128.0050524s1978 dela grp 000 0 eng  ac8500a922.97bIQB3 aIqbal, Afzal aLife and Times of Mohammad Ali aDelhibIdarah-Iadabiyat-I Dellic1978 a443p aincludes index and biblioraphy2 aIndex aMohammed Ali(1878-1931)-Biography1 aIqbal, Afzal